Výsledky výberového zisťovania pracovných síl za 3. štvrťrok 2008
Na minha lista:
| Formato: | Livro |
|---|---|
| Idioma: | eslovaco inglês |
| Publicado em: |
Bratislava
Štatistický úrad Slovenskej republiky
2009
|
| Colecção: | Demografia a sociálna štatistika
|
| Assuntos: | |
| Tags: |
Sem tags, seja o primeiro a adicionar uma tag!
|
MARC
| LEADER | 00000nam$a2200000$$$4500 | ||
|---|---|---|---|
| 001 | 0090761 | ||
| 005 | 20260219104914.9 | ||
| 041 | 0 | |a slo | |
| 041 | 0 | |a eng | |
| 044 | |a SK | ||
| 245 | 1 | 0 | |a Výsledky výberového zisťovania pracovných síl za 3. štvrťrok 2008 |
| 264 | 1 | |a Bratislava |b Štatistický úrad Slovenskej republiky |c 2009 | |
| 300 | |a 98 s. | ||
| 490 | 1 | |a Demografia a sociálna štatistika | |
| 830 | 0 | |a Demografia a sociálna štatistika | |
| 610 | 2 | 0 | |a Slovensko |
| 610 | 2 | 0 | |a sily pracovné |
| 610 | 2 | 0 | |a trh práce |
| 610 | 2 | 0 | |a zamestnanosť |
| 610 | 2 | 0 | |a nezamestnanosť |